000 00941nam a2200229 a 4500
001 66347
003 BD-RjUL
005 20211209081528.0
008 170315s1985 bg ||||| |||| 00| 0 ben d
020 _c :Tk. 25.00
035 _a(BD-RjUL)66477
040 _aBD-RjUL
_bben
_cBD-RjUL
041 _aben
082 _223
_a320.956
_bSHM 1985
100 _aশামসুদ্দিন, আবু জাফর
_9193495
245 1 0 _aমধ্যপ্রাচ্য, ইসলাম ও সমকালীন রাজনীতি /.
_cআবু জাফর শামসুদ্দিন
260 _aঢাকা :
_bজাতীয় সাহিত্য প্রকাশনী,
_c১৯৮৫
300 _a৯২ পৃ. ;
_c১৮ সে. মি.
650 _aরাজনৈতিক অবস্থা
_9196357
_zমধ্যপ্রাচ্য
650 _aPolitics and government
_9196358
_zMiddle East.
942 _2ddc
_cBK
999 _c66347
_d66347